MANAGING TRANSITIONS MAKING THE MOST OF (Record no. 9639)

MARC details
000 -LEADER
fixed length control field 00353nam a2200133Ia 4500
008 - FIXED-LENGTH DATA ELEMENTS--GENERAL INFORMATION
fixed length control field 240624s9999 xx 000 0 und d
041 ## - LANGUAGE CODE
Language code of text/sound track or separate title eng
082 ## - DEWEY DECIMAL CLASSIFICATION NUMBER
Classification number 658.40621 BRI
100 ## - MAIN ENTRY--PERSONAL NAME
Personal name BRIDGES WILLIAM
245 ## - TITLE STATEMENT
Title MANAGING TRANSITIONS MAKING THE MOST OF
260 ## - PUBLICATION, DISTRIBUTION, ETC.
Date of publication, distribution, etc. 1991
Place of publication, distribution, etc. Cambridge
Name of publisher, distributor, etc. Perseus Books
300 ## - PHYSICAL DESCRIPTION
Extent x, : 130 : p. : cm. ; 23
365 ## - TRADE PRICE
Currency code
Price amount 20
Holdings
Withdrawn status Lost status Damaged status Not for loan Home library Current library Shelving location Date acquired Source of acquisition Cost, normal purchase price Total Checkouts Total Holds Full call number Barcode Date last seen Date last checked out Copy number Price effective from Koha item type
        IMTN IMTN Rack 31-A 09/17/2008 WBD 20.00 2 358 658.40621 BRI 9639 02/24/2025 02/13/2025 45.2 06/24/2024 Books
Designed & Maintained by: LRC IMT Nagpur Contact: lrc@imtnag.ac.in© 2024. All Rights Reserved.